[Event "Titled Tuesday intern op 23rd Apr Late"]
[Site "Chess.com INT"]
[Date "2024.04.23"]
[Round "2"]
[White "Guillemette, Hugo"]
[Black "Gokhale, Rishabh Chandrashek"]
[Result "1/2-1/2"]
[WhiteElo "2002"]
[BlackElo "2079"]
[PlyCount "86"]
[EventDate "2024.04.23"]
[EventType "swiss (blitz)"]
[EventRounds "11"]
[EventCountry "USA"]
[SourceTitle "CB18_2024"]
[SourceDate "2024.05.01"]
[SourceVersion "1"]
[SourceVersionDate "2024.05.01"]
[SourceQuality "2"]

1. e4 c5 2. Nf3 d6 3. Bb5+ Nd7 4. d4 a6 5. Bxd7+ Bxd7 6. 0-0 cxd4 7. Qxd4 Nf6 8. Bg5 h6 9. Bxf6 gxf6 10. Nbd2 Bg7 11. Nc4 0-0 12. Nb6 f5 13. e5 dxe5 14. Qb4 Bb5 15. Nxa8 Bxf1 16. Rxf1 Qxa8 17. Qxe7 Re8 18. Qd7 Qc8 19. Qxc8 Rxc8 20. c3 Kf8 21. Nh4 Rd8 22. Nxf5 Rd2 23. Nxg7 Kxg7 24. Rb1 b5 25. g3 e4 26. a4 bxa4 27. Ra1 Rxb2 28. Rxa4 Rc2 29. Rxe4 Rxc3 30. Ra4 Rc6 31. Ra5 Kg6 32. Kg2 Rb6 33. h4 f6 34. f3 h5 35. g4 hxg4 36. fxg4 Rb2+ 37. Kf3 Rb3+ 38. Ke2 Rb2+ 39. Ke3 Rb3+ 40. Kf4 Rb4+ 41. Kf3 Rb3+ 42. Ke4 Rb4+ 43. Kf3 Rb3+ 1/2-1/2

[Event "Titled Tuesday intern op 23rd Apr Late"]
[Site "Chess.com INT"]
[Date "2024.04.23"]
[Round "1"]
[White "Guillemette, Hugo"]
[Black "Korchmar, Vasiliy"]
[Result "0-1"]
[WhiteElo "2002"]
[BlackElo "2424"]
[PlyCount "70"]
[EventDate "2024.04.23"]
[EventType "swiss (blitz)"]
[EventRounds "11"]
[EventCountry "USA"]
[SourceTitle "CB18_2024"]
[SourceDate "2024.05.01"]
[SourceVersion "1"]
[SourceVersionDate "2024.05.01"]
[SourceQuality "2"]

1. e4 e6 2. d4 d5 3. Nc3 Nc6 4. Nf3 Nf6 5. e5 Ne4 6. Bd3 Bb4 7. Bd2 Bxc3 8. Bxc3 Ne7 9. 0-0 b6 10. Qe2 Bb7 11. Nd2 0-0 12. f3 Nxc3 13. bxc3 c5 14. Qf2 Qc8 15. f4 Ba6 16. Nf3 Bxd3 17. cxd3 cxd4 18. cxd4 Qc3 19. Qe3 Nf5 20. Qe1 Qxd3 21. Rd1 Qe3+ 22. Kh1 Qxf4 23. Rd3 Rac8 24. Nd2 Qg5 25. Qf2 Rc2 26. Qe2 Rfc8 27. g3 h5 28. Nf3 Rxe2 29. Nxg5 Rcc2 30. Nf3 g5 31. Re1 Rf2 32. Kg1 g4 33. Nh4 Nxh4 34. gxh4 Rg2+ 35. Kf1 Rcf2# 0-1

[Event "Titled Tuesday intern op 23rd Apr Late"]
[Site "Chess.com INT"]
[Date "2024.04.23"]
[Round "10"]
[White "Jodar Arias, Marlon"]
[Black "Guillemette, Hugo"]
[Result "1-0"]
[WhiteElo "2209"]
[BlackElo "2002"]
[PlyCount "73"]
[EventDate "2024.04.23"]
[EventType "swiss (blitz)"]
[EventRounds "11"]
[EventCountry "USA"]
[SourceTitle "CB18_2024"]
[SourceDate "2024.05.01"]
[SourceVersion "1"]
[SourceVersionDate "2024.05.01"]
[SourceQuality "2"]

1. e4 c5 2. Nf3 e6 3. d4 cxd4 4. Nxd4 Nc6 5. Nb5 d6 6. Bf4 e5 7. Be3 Nf6 8. Bg5 a6 9. Bxf6 gxf6 10. N5c3 Be6 11. Nd2 Be7 12. Nc4 Rc8 13. Ne3 Nd4 14. Bd3 Rg8 15. 0-0 Qd7 16. f4 Qc6 17. f5 Bd7 18. Ncd5 Qc5 19. c3 Nc6 20. Kh1 b5 21. Qh5 b4 22. Qxh7 Rf8 23. Ng4 bxc3 24. bxc3 Na5 25. Bxa6 Ra8 26. Bd3 Nc4 27. Ngxf6+ Kd8 28. Nxd7 Kxd7 29. f6 Bd8 30. Qf5+ Kc6 31. Rfb1 Ba5 32. Rb3 Ne3 33. Nxe3 Qxe3 34. Bb5+ Kc5 35. Qd7 Rfc8 36. Rd1 Qf2 37. Qxd6# 1-0

[Event "Titled Tuesday intern op 02nd Apr Late"]
[Site "Chess.com INT"]
[Date "2024.04.02"]
[Round "2"]
[White "Guillemette, Hugo"]
[Black "Chirilov, James A"]
[Result "0-1"]
[WhiteElo "2002"]
[BlackElo "2082"]
[PlyCount "58"]
[EventDate "2024.04.02"]
[EventType "swiss (blitz)"]
[EventRounds "11"]
[EventCountry "USA"]
[SourceTitle "CB15_2024"]
[SourceDate "2024.04.10"]
[SourceVersion "1"]
[SourceVersionDate "2024.04.10"]
[SourceQuality "1"]

1. e4 c5 2. Nf3 d6 3. Bb5+ Nc6 4. 0-0 Bd7 5. Re1 Nf6 6. c3 a6 7. Bf1 e6 8. d4 Be7 9. h3 0-0 10. Bg5 h6 11. Bh4 cxd4 12. cxd4 Rc8 13. Nc3 e5 14. dxe5 dxe5 15. Bxf6 Bxf6 16. Nd5 Be6 17. Rc1 Bg5 18. Nxg5 Qxg5 19. Rc3 Nd4 20. Rg3 Qh4 21. Ne3 Rfd8 22. Qb1 b5 23. Ng4 Qg5 24. b3 h5 25. Ne3 Qf4 26. Nf5 Bxf5 27. exf5 Rc2 28. Kh1 Rxf2 29. Rd3 e4 0-1

[Event "Titled Tuesday intern op 02nd Apr Early"]
[Site "Chess.com INT"]
[Date "2024.04.02"]
[Round "3"]
[White "Guillemette, Hugo"]
[Black "Roberson, Peter T"]
[Result "1-0"]
[WhiteElo "2002"]
[BlackElo "2426"]
[PlyCount "83"]
[EventDate "2024.04.02"]
[EventType "swiss (blitz)"]
[EventRounds "11"]
[EventCountry "USA"]
[SourceTitle "CB15_2024"]
[SourceDate "2024.04.10"]
[SourceVersion "1"]
[SourceVersionDate "2024.04.10"]
[SourceQuality "1"]

1. e4 e5 2. Nf3 Nc6 3. Bb5 Nge7 4. Nc3 a6 5. Ba4 d6 6. d4 Bd7 7. d5 Nb8 8. Bxd7+ Nxd7 9. 0-0 g6 10. Be3 Bg7 11. Nd2 0-0 12. Ne2 f5 13. f3 f4 14. Bf2 g5 15. c4 h5 16. b4 g4 17. c5 Ng6 18. Nc3 Qg5 19. c6 g3 20. cxd7 gxf2+ 21. Rxf2 Rad8 22. b5 axb5 23. Nxb5 Rxd7 24. Rc1 Qe7 25. Nf1 Ra8 26. Rfc2 c6 27. dxc6 bxc6 28. Rxc6 Rxa2 29. Qd5+ Kh7 30. Qxa2 Rb7 31. Nc7 Nh4 32. Nd5 Qg5 33. Qf2 Rb3 34. R1c3 Rb1 35. Rc1 Rb3 36. R6c3 Rb5 37. Nc7 Rb4 38. Ne6 Qg6 39. Nxg7 Kxg7 40. Qxh4 d5 41. Rc7+ Kh6 42. R1c6 1-0

[Event "CAN-ch"]
[Site "Toronto"]
[Date "2023.04.11"]
[Round "9"]
[White "Guillemette, Hugo"]
[Black "Xu, Daniel"]
[Result "0-1"]
[WhiteElo "1863"]
[BlackElo "2282"]
[PlyCount "82"]
[EventDate "2023.04.06"]
[EventType "swiss"]
[EventRounds "9"]
[EventCountry "CAN"]
[SourceTitle "CBM 213 Extra"]
[Source "ChessBase"]
[SourceDate "2023.05.31"]
[SourceVersion "1"]
[SourceVersionDate "2023.05.31"]
[SourceQuality "1"]

1. e4 c5 2. Nf3 d6 3. Bb5+ Nd7 4. d4 Ngf6 5. 0-0 a6 6. Bxd7+ Nxd7 7. Nc3 e6 8. Bg5 Qc7 9. Re1 cxd4 10. Qxd4 Ne5 11. Nxe5 dxe5 12. Qd3 h6 13. Be3 b5 14. Rad1 Be7 15. Qe2 0-0 16. Rd3 Bd7 17. Red1 Bc6 18. a3 a5 19. R3d2 Qb7 20. Qh5 b4 21. axb4 axb4 22. Ne2 Bxe4 23. f3 Bg6 24. Qxe5 Bf6 25. Qg3 Bxb2 26. Nf4 Bc3 27. Re2 Qb5 28. h4 e5 29. Nd3 Kh8 30. Nc1 Rfd8 31. Rxd8+ Rxd8 32. Qf2 Rd1+ 33. Kh2 e4 34. Nb3 Qb8+ 35. g3 Bh5 36. Nd2 exf3 37. Re1 Rxe1 38. Qxe1 Qb5 39. Kg1 Qf5 40. Qf1 Qxc2 41. Nxf3 Bd4 0-1

[Event "CAN-ch"]
[Site "Toronto"]
[Date "2023.04.09"]
[Round "6"]
[White "Latorre, Vincent"]
[Black "Guillemette, Hugo"]
[Result "1/2-1/2"]
[WhiteElo "2066"]
[BlackElo "1863"]
[PlyCount "57"]
[EventDate "2023.04.06"]
[EventType "swiss"]
[EventRounds "9"]
[EventCountry "CAN"]
[SourceTitle "CBM 213 Extra"]
[Source "ChessBase"]
[SourceDate "2023.05.31"]
[SourceVersion "1"]
[SourceVersionDate "2023.05.31"]
[SourceQuality "1"]

1. e4 c5 2. Nf3 e6 3. d4 cxd4 4. Nxd4 Nc6 5. Nc3 Qc7 6. g4 a6 7. Be3 Bb4 8. Qd2 Nf6 9. f3 h6 10. a3 Be7 11. 0-0-0 b5 12. Nxc6 dxc6 13. Kb1 Bb7 14. Qf2 c5 15. Bg2 Rc8 16. Ne2 Nd7 17. h4 b4 18. axb4 cxb4 19. Nd4 Ne5 20. g5 h5 21. Bh3 Bc5 22. Rhg1 Bxd4 23. Rxd4 Nxf3 24. Qxf3 Qxc2+ 25. Ka1 Qa4+ 26. Kb1 Qc2+ 27. Ka1 Qa4+ 28. Kb1 Qc2+ 29. Ka1 1/2-1/2

[Event "CAN-ch"]
[Site "Toronto"]
[Date "2023.04.08"]
[Round "5"]
[White "Guillemette, Hugo"]
[Black "Huang, Youhe"]
[Result "1-0"]
[WhiteElo "1863"]
[BlackElo "2068"]
[PlyCount "85"]
[EventDate "2023.04.06"]
[EventType "swiss"]
[EventRounds "9"]
[EventCountry "CAN"]
[SourceTitle "CBM 213 Extra"]
[Source "ChessBase"]
[SourceDate "2023.05.31"]
[SourceVersion "1"]
[SourceVersionDate "2023.05.31"]
[SourceQuality "1"]

1. e4 c5 2. Nf3 Nc6 3. Bb5 e5 4. 0-0 Bd6 5. c3 Nge7 6. d4 cxd4 7. cxd4 exd4 8. Nxd4 0-0 9. Nc3 Qc7 10. h3 a6 11. Be2 Nxd4 12. Qxd4 Bc5 13. Qd3 d6 14. Be3 Be6 15. Rac1 Qa5 16. a3 Bxe3 17. Qxe3 Rfe8 18. Qg3 Rad8 19. Rfd1 Qe5 20. f4 Qf6 21. Bd3 Bb3 22. Rd2 g6 23. Bc2 Bc4 24. Rcd1 d5 25. exd5 Nf5 26. Bxf5 Qxf5 27. Rd4 Bb3 28. R1d2 Rd6 29. Qf3 Red8 30. g4 Qc8 31. Ne4 Rb6 32. Qc3 Qb8 33. d6 Rc8 34. Nf6+ Kh8 35. d7 Rxc3 36. d8Q+ Qxd8 37. Rxd8+ Kg7 38. Ne8+ Kh6 39. bxc3 Bc4 40. Nf6 g5 41. Rg8 Rb1+ 42. Kh2 Rb5 43. h4 1-0

[Event "Montreal Pere Noel op"]
[Site "Montreal"]
[Date "2022.12.30"]
[Round "5"]
[White "Zhong, Kevin"]
[Black "Guillemette, Hugo"]
[Result "1/2-1/2"]
[WhiteElo "2120"]
[BlackElo "1865"]
[PlyCount "83"]
[EventDate "2022.12.27"]
[EventType "swiss"]
[EventRounds "5"]
[EventCountry "CAN"]
[SourceTitle "CBM 211 Extra"]
[Source "ChessBase"]
[SourceDate "2023.01.31"]
[SourceVersion "1"]
[SourceVersionDate "2023.01.31"]
[SourceQuality "1"]

1. e4 c5 2. Nf3 e6 3. d4 cxd4 4. Nxd4 Nc6 5. Nc3 Qc7 6. Be2 a6 7. 0-0 Nf6 8. Be3 Bb4 9. Na4 Be7 10. c4 d6 11. Nc3 0-0 12. Rc1 Bd7 13. f4 Rac8 14. Kh1 Qb8 15. Qe1 Nxd4 16. Bxd4 Bc6 17. Qg3 Ne8 18. Bd3 b5 19. e5 bxc4 20. Bb1 dxe5 21. Bxe5 Bd6 22. Rcd1 Bxe5 23. fxe5 f5 24. Rd2 Rd8 25. Rxd8 Qxd8 26. Qf4 Qc7 27. Be4 Rf7 28. Bxc6 Qxc6 29. Rd1 Rb7 30. Rd2 h6 31. h3 Kh7 32. Qd4 Nc7 33. Qd6 Qb6 34. Na4 Qb4 35. Nc5 Rb5 36. Nd7 Nd5 37. Qxe6 Qxd2 38. Qxf5+ Kh8 39. Qf8+ Kh7 40. Qf5+ Kh8 41. Qf8+ Kh7 42. Qf5+ 1/2-1/2

[Event "Montreal Pere Noel op"]
[Site "Montreal"]
[Date "2022.12.29"]
[Round "4"]
[White "Guillemette, Hugo"]
[Black "Lawson, Eric"]
[Result "1/2-1/2"]
[WhiteElo "1865"]
[BlackElo "2331"]
[PlyCount "114"]
[EventDate "2022.12.27"]
[EventType "swiss"]
[EventRounds "5"]
[EventCountry "CAN"]
[SourceTitle "CBM 211 Extra"]
[Source "ChessBase"]
[SourceDate "2023.01.31"]
[SourceVersion "1"]
[SourceVersionDate "2023.01.31"]
[SourceQuality "1"]

1. e4 c5 2. Nf3 d6 3. Bb5+ Nd7 4. d4 cxd4 5. Qxd4 a6 6. Bxd7+ Bxd7 7. 0-0 e5 8. Qd3 Rc8 9. c4 b5 10. Na3 Qb6 11. Bd2 Nf6 12. cxb5 axb5 13. Bb4 Bc6 14. Rfe1 Be7 15. Rad1 Qb7 16. Nd2 0-0 17. Nab1 Rfe8 18. Nc3 d5 19. Bxe7 Rxe7 20. exd5 Nxd5 21. Nxd5 Bxd5 22. Ne4 Bxe4 23. Qxe4 Qxe4 24. Rxe4 Rd7 25. Ree1 Rxd1 26. Rxd1 f6 27. Kf1 Rc2 28. b4 Rxa2 29. Rd5 Rb2 30. Rxb5 Kf7 31. Rb7+ Kg6 32. g4 e4 33. h4 h5 34. gxh5+ Kxh5 35. Rxg7 Kxh4 36. f3 exf3 37. b5 Rxb5 38. Kf2 Rg5 39. Rf7 Rf5 40. Rg7 Rf4 41. Rg3 Kh5 42. Rg8 Rg4 43. Rh8+ Kg5 44. Kxf3 Ra4 45. Rb8 Ra3+ 46. Kf2 f5 47. Rb4 Rh3 48. Kg2 Re3 49. Kf2 Re4 50. Rxe4 fxe4 51. Ke3 Kf5 52. Ke2 Kf4 53. Kf2 e3+ 54. Ke2 Ke4 55. Ke1 Kd3 56. Kd1 e2+ 57. Ke1 Ke3 1/2-1/2

[Event "Quebec op"]
[Site "Laval"]
[Date "2022.09.04"]
[Round "6"]
[White "Guillemette, Hugo"]
[Black "Wiebe, Isaac"]
[Result "1-0"]
[WhiteElo "1750"]
[BlackElo "2010"]
[PlyCount "89"]
[EventDate "2022.09.01"]
[EventType "swiss"]
[EventRounds "9"]
[EventCountry "CAN"]
[SourceTitle "CBM 210 Extra"]
[Source "ChessBase"]
[SourceDate "2022.11.30"]
[SourceVersion "1"]
[SourceVersionDate "2022.11.30"]
[SourceQuality "1"]

1. e4 c5 2. Nf3 d6 3. Bb5+ Nc6 4. 0-0 Bd7 5. Re1 Nf6 6. c3 a6 7. Bf1 Bg4 8. d3 g6 9. Nbd2 Bg7 10. h3 Bxf3 11. Nxf3 0-0 12. d4 Rc8 13. dxc5 dxc5 14. Qc2 Nd7 15. Be3 Qc7 16. Rad1 Rfd8 17. a4 Rb8 18. Rd2 Nce5 19. Nxe5 Bxe5 20. Red1 Bd6 21. f4 f6 22. Rf2 b5 23. e5 fxe5 24. f5 Nf8 25. fxg6 Nxg6 26. Bd3 e4 27. Bxe4 Bh2+ 28. Kh1 Rxd1+ 29. Qxd1 Rd8 30. Qh5 Qg3 31. Bd5+ e6 32. Bxe6+ Kh8 33. Rf7 Nf8 34. Bf4 Qxf4 35. Rxf4 Bxf4 36. Bg4 Ng6 37. Qxc5 Re8 38. Qf2 Rd8 39. g3 Rd2 40. Qf1 Be5 41. h4 Bg7 42. axb5 Ne5 43. Qf5 Rd8 44. bxa6 Rf8 45. a7 1-0

[Event "Francophonie-chT Rapid"]
[Site "Tornelo INT"]
[Date "2022.06.05"]
[Round "8.7"]
[White "Guillemette, Hugo"]
[Black "Kassar, Bashar"]
[Result "1-0"]
[WhiteElo "1787"]
[BlackElo "1442"]
[PlyCount "153"]
[EventDate "2022.06.04"]
[EventType "team-swiss (rapid)"]
[EventRounds "11"]
[EventCountry "FRA"]
[SourceTitle "CBM 208 Extra"]
[Source "ChessBase"]
[SourceDate "2022.07.31"]
[SourceVersion "1"]
[SourceVersionDate "2022.07.31"]
[SourceQuality "1"]
[WhiteTeam "Quebec II"]
[BlackTeam "Lebanon II"]
[WhiteTeamCountry "CAN"]
[BlackTeamCountry "LBN"]

1. e4 e6 2. d4 d5 3. e5 c5 4. c3 Nc6 5. Nf3 Qb6 6. a3 c4 7. Nbd2 Na5 8. g3 Bd7 9. Bg2 Ne7 10. 0-0 h6 11. Rb1 Nb3 12. Nxb3 Ba4 13. Nfd2 Nc6 14. Qe2 cxb3 15. Re1 Be7 16. f4 a5 17. Qf2 Bb5 18. Bf1 a4 19. Nf3 Na5 20. Be3 Rc8 21. Nd2 Bxf1 22. Rxf1 Nc4 23. Nxc4 Rxc4 24. f5 exf5 25. Qxf5 Qe6 26. Qd3 h5 27. Rf2 h4 28. Qf5 hxg3 29. hxg3 b5 30. Rbf1 Bxa3 31. bxa3 Rxc3 32. Qxe6+ fxe6 33. Bd2 Rxg3+ 34. Rg2 Rhh3 35. Bb4 Rxg2+ 36. Kxg2 Rd3 37. Bc5 Rd2+ 38. Kf3 b2 39. Ke3 Rc2 40. Rb1 Rc3+ 41. Kd2 Rb3 42. Kc2 g5 43. Rxb2 Rxb2+ 44. Kxb2 g4 45. Bb4 g3 46. Be1 g2 47. Bf2 Kf7 48. Kc3 Kg6 49. Kb4 Kf5 50. Kxb5 Ke4 51. Kc6 Kf3 52. Bg1 Ke2 53. Kd6 Kd3 54. Kxe6 Kc2 55. Kxd5 Kb3 56. e6 Kxa3 57. e7 Kb2 58. e8Q a3 59. Qb5+ Ka1 60. Qa4 a2 61. Ke4 Kb1 62. d5 a1Q 63. Qxa1+ Kxa1 64. d6 Kb1 65. d7 Kc1 66. d8Q Kb2 67. Kf3 Kc1 68. Kxg2 Kb2 69. Qc7 Kb3 70. Bd4 Kb4 71. Qc5+ Kb3 72. Qc3+ Ka4 73. Qb2 Ka5 74. Kf3 Ka4 75. Bc5 Ka5 76. Qb4+ Ka6 77. Qb6# 1-0

[Event "Francophonie-chT Rapid"]
[Site "Tornelo INT"]
[Date "2022.06.05"]
[Round "7.5"]
[White "Guillemette, Hugo"]
[Black "Tuzi, Bruna"]
[Result "1/2-1/2"]
[WhiteElo "1787"]
[BlackElo "2030"]
[PlyCount "146"]
[EventDate "2022.06.04"]
[EventType "team-swiss (rapid)"]
[EventRounds "11"]
[EventCountry "FRA"]
[SourceTitle "CBM 208 Extra"]
[Source "ChessBase"]
[SourceDate "2022.07.31"]
[SourceVersion "1"]
[SourceVersionDate "2022.07.31"]
[SourceQuality "1"]
[WhiteTeam "Quebec II"]
[BlackTeam "Albania"]
[WhiteTeamCountry "CAN"]
[BlackTeamCountry "ALB"]

1. e4 c5 2. Nf3 Nc6 3. Bb5 g6 4. Bxc6 bxc6 5. 0-0 Bg7 6. Re1 d6 7. h3 e6 8. d3 Ne7 9. c3 0-0 10. Be3 Rb8 11. Qc1 Ba6 12. d4 cxd4 13. cxd4 Qb6 14. b3 Qb7 15. Bh6 Rfc8 16. Bxg7 Kxg7 17. Qb2 d5 18. Nc3 Kg8 19. Na4 Qc7 20. Nc5 Bb7 21. Qd2 Kg7 22. Ne5 dxe4 23. Rxe4 Nd5 24. Rae1 Re8 25. Ng4 Qe7 26. Qh6+ Kg8 27. Re5 Bc8 28. Ne3 Qf8 29. Qh4 Nxe3 30. R5xe3 Kg7 31. Qf4 Rb4 32. Ne4 Qe7 33. Nd6 Rd8 34. Nc4 Ba6 35. Qe5+ Kg8 36. a3 Rbb8 37. Qe4 Bxc4 38. bxc4 Qd6 39. Rd3 Rb2 40. c5 Qd5 41. Qe3 Rdb8 42. Qe5 Qxe5 43. Rxe5 R8b3 44. Rxb3 Rxb3 45. Re3 Rb1+ 46. Kh2 Rd1 47. Re4 Rd3 48. a4 Ra3 49. g4 Rxa4 50. Kg3 Kg7 51. Kf4 Ra2 52. Ke5 a5 53. Kd6 a4 54. Kxc6 a3 55. Re3 Kf6 56. Kd7 Rd2 57. Rxa3 Rxd4+ 58. Kc7 Ke7 59. c6 Rd2 60. Kc8 Rc2 61. c7 Rxf2 62. Rd3 Rc2 63. Rd7+ Ke8 64. Rd6 Rb2 65. Rd8+ Ke7 66. Rh8 e5 67. Rd8 Rc2 68. Rd7+ Ke8 69. g5 Rc3 70. Rd5 Ke7 71. Rd7+ Ke8 72. Rd5 Ke7 73. Rd7+ Ke8 1/2-1/2

[Event "Francophonie-chT Rapid"]
[Site "Tornelo INT"]
[Date "2022.06.04"]
[Round "2.13"]
[White "Koita, Idrissa"]
[Black "Guillemette, Hugo"]
[Result "0-1"]
[WhiteElo "1611"]
[BlackElo "1787"]
[PlyCount "46"]
[EventDate "2022.06.04"]
[EventType "team-swiss (rapid)"]
[EventRounds "11"]
[EventCountry "FRA"]
[SourceTitle "CBM 208 Extra"]
[Source "ChessBase"]
[SourceDate "2022.07.31"]
[SourceVersion "1"]
[SourceVersionDate "2022.07.31"]
[SourceQuality "1"]
[WhiteTeam "Burkina Faso"]
[BlackTeam "Quebec II"]
[WhiteTeamCountry "BUR"]
[BlackTeamCountry "CAN"]

1. e4 c5 2. d3 Nc6 3. c3 d5 4. Bd2 Nf6 5. f3 e5 6. Bg5 dxe4 7. fxe4 h6 8. Bh4 Be7 9. Nf3 Be6 10. h3 Qd7 11. Bf2 c4 12. Be2 Rd8 13. 0-0 cxd3 14. Bxd3 Qxd3 15. Qxd3 Rxd3 16. Nbd2 0-0 17. Nc4 Bxc4 18. Rad1 Nxe4 19. Rfe1 Nxf2 20. Kxf2 Bc5+ 21. Kg3 e4 22. Kh2 exf3 23. Rxd3 f2 0-1

[Event "Kingston Easter U1600"]
[Site "Kingston"]
[Date "2019.04.20"]
[Round "5.44"]
[White "Sztuka, Jeremy"]
[Black "Guillemette, Hugo"]
[Result "0-1"]
[WhiteElo "1454"]
[BlackElo "1210"]
[PlyCount "82"]
[EventDate "2019.04.18"]
[EventType "swiss"]
[EventRounds "9"]
[EventCountry "CAN"]
[SourceTitle "EXT 2022"]
[Source "ChessBase"]
[SourceDate "2021.10.06"]
[SourceVersion "1"]
[SourceVersionDate "2021.10.06"]
[SourceQuality "1"]

1. f4 d5 2. Nf3 c5 3. e3 Nc6 4. Be2 Nf6 5. 0-0 e6 6. d3 Be7 7. Nbd2 0-0 8. Ne5 Bd7 9. Ndf3 Rc8 10. c3 Qc7 11. Qe1 Bd6 12. Qg3 Rfd8 13. Ng4 Nxg4 14. Qxg4 e5 15. f5 f6 16. e4 d4 17. c4 b6 18. Nh4 a6 19. Rf3 b5 20. Rg3 Bf8 21. Bh6 Be8 22. cxb5 axb5 23. a4 bxa4 24. Rxa4 Ra8 25. Rc4 Ra1+ 26. Bf1 Rb8 27. Rxc5 Rxb2 28. Rc1 Rxc1 29. Bxc1 Rb1 30. Bd2 Qf7 31. Nf3 Qh5 32. h3 Qxg4 33. hxg4 Nb4 34. Bxb4 Bxb4 35. g5 Be7 36. gxf6 Bxf6 37. Nd2 Rd1 38. Nc4 Bh5 39. Nb2 Rb1 40. Rh3 Be2 41. Kf2 Bxf1 0-1

[Event "Kingston Easter U1600"]
[Site "Kingston"]
[Date "2019.04.19"]
[Round "3.42"]
[White "Guillemette, Hugo"]
[Black "Arman, Azroy"]
[Result "0-1"]
[WhiteElo "1210"]
[BlackElo "1560"]
[PlyCount "82"]
[EventDate "2019.04.18"]
[EventType "swiss"]
[EventRounds "9"]
[EventCountry "CAN"]
[SourceTitle "EXT 2022"]
[Source "ChessBase"]
[SourceDate "2021.10.06"]
[SourceVersion "1"]
[SourceVersionDate "2021.10.06"]
[SourceQuality "1"]

1. e4 e6 2. d4 d5 3. e5 c5 4. c3 Qb6 5. Nf3 Nc6 6. a3 Nh6 7. Bd3 Bd7 8. Bc2 Rc8 9. 0-0 cxd4 10. cxd4 Ne7 11. Nc3 Nef5 12. Ba4 Rc4 13. Bxd7+ Kxd7 14. Ne2 Ne7 15. b3 Rc7 16. Bb2 Nc6 17. Rc1 Be7 18. Ne1 Nf5 19. Qd3 Rhc8 20. b4 a6 21. f4 g6 22. Nf3 Na7 23. Rxc7+ Rxc7 24. Rc1 Rxc1+ 25. Bxc1 a5 26. bxa5 Qxa5 27. Qb3 Nb5 28. a4 Nbxd4 29. Qxb7+ Ke8 30. Qc8+ Bd8 31. Kf2 Nxf3 32. Qc6+ Kf8 33. gxf3 d4 34. Ba3+ Be7 35. Qc8+ Kg7 36. Bxe7 Nxe7 37. Qd7 Nf5 38. Ng3 Qd2+ 39. Ne2 d3 40. Qb5 Qxe2+ 41. Kg1 Ne3 0-1

[Event "Kingston Easter U1600"]
[Site "Kingston"]
[Date "2019.04.19"]
[Round "2.45"]
[White "Wang, Derek"]
[Black "Guillemette, Hugo"]
[Result "0-1"]
[WhiteElo "1459"]
[BlackElo "1210"]
[PlyCount "130"]
[EventDate "2019.04.18"]
[EventType "swiss"]
[EventRounds "9"]
[EventCountry "CAN"]
[SourceTitle "EXT 2022"]
[Source "ChessBase"]
[SourceDate "2021.10.06"]
[SourceVersion "1"]
[SourceVersionDate "2021.10.06"]
[SourceQuality "1"]

1. e4 e5 2. Nf3 Nc6 3. Bc4 Nf6 4. d3 Bc5 5. c3 0-0 6. 0-0 d5 7. exd5 Nxd5 8. Bg5 f6 9. Bh4 Kh8 10. h3 Nb6 11. Bb5 Bf5 12. Re1 Be7 13. Qe2 Re8 14. Rd1 Bd6 15. Nbd2 a6 16. Bxc6 bxc6 17. Ne4 Nd5 18. Nxd6 cxd6 19. Qd2 Nf4 20. d4 Qc7 21. dxe5 dxe5 22. Qd6 Qb6 23. Bxf6 Bxh3 24. Bxe5 Nxg2 25. Qh6 Rxe5 26. Qxh3 Nf4 27. Qh2 Ne2+ 28. Kf1 Ree8 29. Rd2 Qb5 30. Kg2 Qf5 31. Re1 Nf4+ 32. Kf1 Rxe1+ 33. Nxe1 Re8 34. Rd4 Nd5 35. Qg2 Ne3+ 36. Kg1 Nxg2 37. Nxg2 Qb1+ 38. Kh2 Qxb2 39. Rc4 Qxf2 40. Rxc6 Qxa2 41. c4 h6 42. c5 Qd5 43. Rxa6 Qxc5 44. Ra4 Re2 45. Rg4 Qe5+ 46. Kh3 h5 47. Rh4 Qe8 48. Kg3 Qg6+ 49. Kf4 Re4+ 50. Kf3 Rxh4 51. Nxh4 Qg4+ 52. Kf2 Qxh4+ 53. Kg2 g5 54. Kf3 g4+ 55. Kf4 g3+ 56. Kf3 Qh2 57. Kf4 g2+ 58. Ke4 g1Q 59. Kf3 Qhg2+ 60. Kf4 Q1f1+ 61. Ke3 Qge2+ 62. Kd4 Qfd1+ 63. Kc3 Qec2+ 64. Kb4 Qdb1+ 65. Ka3 Qca2# 0-1